| 000 | 00735nam a2200241Ia 4500 | ||
|---|---|---|---|
| 008 | 171120s9999 xx 000 0 und d | ||
| 020 | _a971271411X | ||
| 050 | _a709.2 | ||
| 050 | _bC968 2003 | ||
| 100 | _aCultural Center of the Philippines. | ||
| 245 | 4 | _aThe National artists of the Philippines 1999-2003 / | |
| 245 | _cby Cultural Center of the Philippines and National Commission on Culture and the (Philippines). | ||
| 260 | _aPhilippines : | ||
| 260 | _bAnvil, | ||
| 260 | _c2003 | ||
| 300 | _a167 pages : | ||
| 300 | _billustrations ; | ||
| 300 | _c25cm. | ||
| 650 | _aArtists -- | ||
| 650 | _xPhilippines -- Biography. | ||
| 700 | _aNational Commission on Culture and the (Philippines). | ||
| 700 | _aTitle. | ||
| 999 |
_c345266 _d345266 |
||